000 00655nam a2200241Ia 4500
003 OSt
005 20220918210846.0
006 a|||||r|||| 00| 0
007 ta
008 220917b |||||||| |||| 00| 0 eng d
024 _a122,421
037 _cTextual
040 _aARTS
_cARTS
_beng
041 _2eng
_aeng
082 _aW, J9
100 _aVerney Douglas V
_9113500
245 0 _aAnalysis of political system
260 _c1959
490 _aInternational library of sociology and social reconstruction ed by W J H Sprott
650 _aPOLITICAL SCIENCE
942 _hW, J9
_cTEXL
_2CC
999 _c245613
_d245613